000 00234nam a2200097Ia 4500
008 230915s9999 xx 000 0 und d
050 _aQH 581.2 .E87 2003
100 _aALBERTS, BRUCE
245 0 _aESSENTIAL CELL BIOLOGY
942 _cBK
999 _c192025
_d192025